• 首页
  • 本馆介绍
  • 公告通知
  • 最新文献
  • 馆藏检索
  • 电子资源
  • 读者导购
  • 参考咨询
  • 我的图书馆
  • 登录
  • 详细信息显示
  • 放入我的书架
  • 预约/预借图书
  • 作者相关作品
  • 分类相关作品
  • 丛书相关作品
  • 出版社相关作品

书目信息

  • 表格格式
  • 工作单格式
  • 卡片格式
题名:
中国社会救助立法研究
    
 
作者: 杨思斌 著
分册:  
出版信息: 北京   中国工人出版社  2009
页数: 306页
开本: 21cm
丛书名: 中国劳动关系学院学术论丛
单 册:
中图分类: D922.182.31
科图分类:
主题词: 社会救济--立法--研究--中国 , 社会救济 , 立法
电子资源:
ISBN: 978-7-5008-4511-9
000 01104oam2 2200289 450
001 100428651423
005 20091201175555.0
010    @a978-7-5008-4511-9@dCNY32.00
035    @a004308032
100    @a20091104d2009 em y0chiy0110 ea
101 0  @achi
102    @aCN@b110000
105    @ay z 000yy
106    @ar
200 1  @a中国社会救助立法研究@9zhong guo she hui jiu zhu li fa yan jiu@f杨思斌著
210    @a北京@c中国工人出版社@d2009
215    @a306页@d21cm
225 2  @a中国劳动关系学院学术论丛
330    @a本书涉及社会救助立法的必要性与可行性,社会救助立法的国际经验,社会救助立法中的国家责任与社会参与,社会救助法律原则和形式结构,社会救助体系,居民最低生活保障制度,专项救助,流浪乞讨人员救助,自然灾害救助,社会救助受助者的权利和义务,社会救助程序和社会救助法中的法律责任等方面。
461  0 @12001 @a中国劳动关系学院学术论丛
606 0  @a社会救济@x立法@x研究@y中国
606 0  @a社会救济
606 0  @a立法
690    @aD922.182.31@v4
701  0 @a杨思斌@9yang si bin@f(1968~)@4著
801  0 @aCN@bNLC@c20091202
905    @b205970868-895@h597086-89@dD922.182.31@e909@f4
    
    中国社会救助立法研究/杨思斌著.-北京:中国工人出版社,2009
    306页;21cm.-(中国劳动关系学院学术论丛)
    
    
    ISBN 978-7-5008-4511-9:CNY32.00
    本书涉及社会救助立法的必要性与可行性,社会救助立法的国际经验,社会救助立法中的国家责任与社会参与,社会救助法律原则和形式结构,社会救助体系,居民最低生活保障制度,专项救助,流浪乞讨人员救助,自然灾害救助,社会救助受助者的权利和义务,社会救助程序和社会救助法中的法律责任等方面。
●
相关链接 在E读中查询图书 在五车中查询图书 在当当中查询图书 在豆瓣中查询图书


正题名:中国社会救助立法研究     索取号:D922.182.31/909         预约/预借

序号 登录号 条形码 馆藏地/架位号 状态 备注
1 0594930   205949303   第一样本阅览室/ [索取号:D922.182.31/909] 在馆    
2 0594931   205949312   第一借阅区/ [索取号:D922.182.31/909] 在馆    
3 0594932   205949321   第一借阅区/ [索取号:D922.182.31/909] 在馆    
4 0594933   205949330   第一借阅区/ [索取号:D922.182.31/909] 在馆    
5 0594934   205949349   第一借阅区/ [索取号:D922.182.31/909] 在馆    
6 597086   205970868   第一借阅区/ [索取号:D922.182.31/909] 在馆    
7 597087   205970877   第一借阅区/ [索取号:D922.182.31/909] 在馆    
8 597088   205970886   密集书库-史法系/ [索取号:D922.182.31/909] 在馆    
9 597089   205970895   密集书库-史法系/ [索取号:D922.182.31/909] 在馆    
唐山师范学院图书馆 欢迎您!
大连网信软件有限公司© 版权所有